Electronics devices electrical circuits / (Record no. 170001)
[ view plain ]
| 000 -LEADER | |
|---|---|
| fixed length control field | 00770nam a22002417a 4500 |
| 005 - DATE AND TIME OF LATEST TRANSACTION | |
| control field | 20191210110736.0 |
| 010 ## - LCCN (DPL NO) | |
| LC control number | ENG-127040 |
| 020 ## - INTERNATIONAL STANDARD BOOK NUMBER | |
| Terms of availability | 595.00 |
| International Standard Book Number | 9789353940522 |
| 035 ## - SYSTEM CONTROL NUMBER | |
| System control number | EN-110572 |
| 037 ## - SOURCE OF ACQUISITION | |
| Source of stock number/acquisition | DBAD/PUB |
| 082 ## - DEWEY DECIMAL CLASSIFICATION NUMBER | |
| Classification number | 621.351 |
| 100 ## - MAIN ENTRY--PERSONAL NAME | |
| Personal name | Annadurai, S. |
| 245 ## - TITLE STATEMENT | |
| Title | Electronics devices electrical circuits / |
| Statement of responsibility, etc | by S.Annadurai ...[et al] |
| 260 ## - PUBLICATION, DISTRIBUTION, ETC. (IMPRINT) | |
| Place of publication, distribution, etc | Noida |
| Name of publisher, distributor, etc | Pearson India Education |
| Date of publication, distribution, etc | 2020 |
| 270 ## - ADDRESS | |
| Address | 15th Floor, Tower-B, World Trade Tower, Plot No.1, Block-C, Sector 16 |
| City | Noida, Uttar Pradesh |
| Postal code | 201301 |
| Telephone number | 044-66540100 |
| 300 ## - PHYSICAL DESCRIPTION | |
| Extent | Various paging |
| Dimensions | 23cm(pbk) |
| 500 ## - GENERAL NOTE | |
| General note | Includes index |
| 700 ## - ADDED ENTRY--PERSONAL NAME | |
| Personal name | Annadurai, S |
| 700 ## - ADDED ENTRY--PERSONAL NAME | |
| Personal name | Rajeswari, P |
| 700 ## - ADDED ENTRY--PERSONAL NAME | |
| Personal name | Geeta, P. |
| 700 ## - ADDED ENTRY--PERSONAL NAME | |
| Personal name | Niveththa, T. |
| 942 ## - ADDED ENTRY ELEMENTS (KOHA) | |
| Source of classification or shelving scheme | Dewey Decimal Classification |
| Item type | English Books |
| Classification part | 621.381 |
| Call number suffix | ELE |
| Withdrawn status | Lost status | Not for loan | Collection code | Home library | Current library | Date acquired | Source of acquisition | Cost, normal purchase price | Full call number | Barcode | Copy number | Cost, replacement price | Koha item type |
|---|---|---|---|---|---|---|---|---|---|---|---|---|---|
| Non-fiction | D.B.Act.Division | Mobile Library | 10/12/2019 | DBAD/PUB | 595.00 | 621.381 ELE | EN-110572 | 1 | 595.00 | English Books |
